Flags of Separatist Movements in Russia - Statistics

General Stats
  • This quiz has been taken 299 times
    71 since last reset
  • The average score is 13 of 35
Answer Stats
Picture Hint Answer % Correct
Authoritarian autonomy currently ruled by Kadyrov Chechnya
83%
Culturally similar to Mongolia Buryatia
74%
People that are known for throat singing Tuva
72%
Disputed between Georgia Ossetia
70%
People that were oppressed by the Tsar Circassia
65%
Region that is predominantly Buddhist Kalmykia
65%
Culturally similar to Finland Karelia
65%
Muslim nomads conquering Central Asia and Eastern Europe Tatarstan
63%
Inhabitants of the Ural Mountains Udmurtia
63%
Biggest and richest province Yakutia
61%
Ancient inhabitants of the Caucasus Ingushetia
59%
Region that is predominantly Muslim Dagestan
57%
Nomadic tribes who inhabit the Ural Mountains Bashkortostan
46%
Region located in the middle of nowhere Siberia
46%
St. Petersburg was the original capital city Ingria
43%
Indigenous people of Scandinavia Sápmi
43%
Far easternmost region Chukotka
41%
Homeland of the Turkic peoples Altai Republic
39%
Descendants of Volga Bulgaria Chuvashia
37%
Descendants of the Yenisei Kyrgyz Khakassia
37%
Homeland for the Cossacks Kuban
33%
Baltic people that fell to Russification Prussia
26%
Vassal that rebelled against the Tsar Komi Republic
20%
Indigenous inhabitants of Irkutsk Oblast Evenkia
15%
Homeland of the hill tribes Mari-El Republic
13%
Nomads living in the Arctic Pole Nenetsia
13%
Located in Eurasia Ural Republic
13%
Homeland of the Uralic peoples Yugra
9%
Descendants of Khazars Karachay-Balkaria
4%
Medieval principality Permyakia
4%
Indigenous inhabitants of Kemerovo Oblast Shoria
4%
Inhabitants of Nizhny Novgorod Erzyania
2%
Inhabitants of the Volga River Mokshania
2%
Nation between Caucasus and Central Asia Nogai-El Republic
2%
Far Eastern region of the country Pacific Federation
2%
No matching quizzes found
Score Distribution
Percent of People with Each Score
Percentile by Number Answered
Your Score History
You have not taken this quiz since the last reset